00543 a2200169 4500010001400000020002700014035001300041037001500054082001400069245011600083260004600199270004600245300002700291500001900318700001500337700002100352 aENG-88522 c1480.00a9788184500226 aEN-72055 bDBAD / PUB14a338.709051 aBusiness challenges in the 21st century:cedited by Prem Kumar [and] Parvinder Arorabpreparing for the future/ aNew DelhibDeep & Deep Publicationsc2007 aF-159, Rajouri GardenbNew Delhie110 027 axiv, 513p.c22cm (Hb) aIncludes index aPrem Kumar aArora, Parvinder